000 01048nam a2200325Ia 4500
005 20220317001805.0
008 170328s2013 c g 000 f s
020 _a9789587585827
041 _aspa
100 1 _aVargas Llosa, Mario
_d1936-
245 1 3 _aEl héroe discreto
_cMario Vargas Llosa
250 _a1a. edición
300 _a383 páginas
_c24 cm
500 _aIncluye datos biográficos del autor
586 _aPremio Nobel de Literatura 2010
650 1 4 _2LEMB
_aNovela peruana
_ySiglo XX
650 1 4 _2LEMB
_aLiteratura peruana
_ySiglo XX
650 1 4 _2LEMB
_aIntriga en la literatura
650 1 4 _2LEMB
_aVenganza en la literatura
650 1 4 _2LEMB
_aExtorsión en la literatura
650 1 4 _2LEMB
_aLealtad en la literatura
650 1 4 _2LEMB
_aFamilia en la literatura
942 _2loc
_cBKLIT
264 _aBogotá
_bAlfaguara
_cc2013
336 _atexto
_btxt
_2rdacontent
337 _asin mediación
_bn
_2rdamedia
338 _avolumen
_bnc
_2rdacarrier
040 _aCO-BoRNBP
_bspa
_erda
_cCO-BoRNBP
084 _aN VAR1
999 _c8104
_d8104